The fall of the Athenian Empire (Record no. 34781)
[ view plain ]
| 000 -LEADER | |
|---|---|
| fixed length control field | 01360nam a2200349 a 4500 |
| 082 04 - DEWEY DECIMAL CLASSIFICATION NUMBER | |
| Classification number | 938/.05 |
| 100 1# - MAIN ENTRY--AUTHOR NAME | |
| Personal name | Kagan, Donald. |
| 245 14 - TITLE STATEMENT | |
| Title | The fall of the Athenian Empire |
| 260 ## - PUBLICATION, DISTRIBUTION, ETC. (IMPRINT) | |
| Place of publication | Ithaca, N.Y. : |
| Name of publisher | Cornell University Press, |
| Year of publication | 1987. |
| 300 ## - PHYSICAL DESCRIPTION | |
| Number of Pages | xviii, 455 p. : |
| Other physical details | maps. |
| 500 ## - GENERAL NOTE | |
| General note | First printing, Cornell Paperbacks, 1991. |
| 856 40 - ELECTRONIC LOCATION AND ACCESS | |
| Uniform Resource Identifier | http://site.ebrary.com/lib/rucke/Doc?id=10648814 |
No items available.
